Music Quiz

Random Music or Lyrics Quiz

The Chanukah Song vs. We Didn't Start the Fire Quiz Stats

 Plays Quiz Updated Nov 11, 2017

Challenge
Share
Tweet
Embed
Score 0/20 Timer 03:00
4 Plays Today
Celebrity Sandler (S) or Joel (J) % Correct
Richard Nixon???
88.2%
Arthur Fonzarelli???
88%
David Lee Roth???
86.7%
James Dean???
86.3%
Joe Dimaggio???
85.8%
Buddy Holly???
85.3%
Spock???
84.9%
Tom Cruise???
84.8%
Goldie Hawn???
84.7%
Harrison Ford???
83.7%
Celebrity Sandler (S) or Joel (J) % Correct
O.J. Simpson???
83%
Ernest Hemingway???
82.1%
Rod Carew???
81.9%
Sally Ride???
81.1%
Chubby Checker???
79.1%
Kirk Douglas???
79%
Albert Einstein???
71.7%
Paul Newman???
70.8%
Bob Dylan???
61.6%
Menachem Begin???
59.8%

You're not logged in!

Compare scores with friends on all Sporcle quizzes.
Join for Free
OR
Log In

You Might Also Like...

Show Comments

Extras

Top Quizzes Today


Score Distribution

Your Account Isn't Verified!

In order to create a playlist on Sporcle, you need to verify the email address you used during registration. Go to your Sporcle Settings to finish the process.

Report this User

Report this user for behavior that violates our Community Guidelines.

Details: